000 00968nac a22002897a 4500
001 BR6100052
003 BR-BrBNA
005 20240105113235.0
008 230509b bl.|||m| |||| 00| 0 por d
040 _aBR-BrBNA
_bpor
_cBiblioteca Nacional de Agricultura
072 _aL00; E15
090 _a5212 BR6100052
110 1 _aMinisterio da Agricultura, Rio de Janeiro, GB (Brasil). Servico de Estatistica da Producao
_96970
245 1 _aPecuaria, avicultura, apicultura e sericicultura 1960 [estatistica de producao, Brasil]
260 3 _aRio de Janeiro, GB (Brasil):
_c1961.
300 _a20 p.
490 _aPecuaria, Avicultura, Apicultura e Sericicultura (Brazil)
_v
_x
500 _aNumerical data
650 _aPECUARIA
650 _aAVICULTURA
650 _aAPICULTURA
650 _aSERICICULTURA
650 _aESTATISTICA DE PRODUCAO
650 _aCUSTO DE PRODUCAO
909 _a202312
_bLúcia Elande
_c55
_dLúcia Elande
942 _2AGRIS
_n0
_cMS
999 _c262644
_d262644